Modifikácia kódu procesu

Guardado en:
Detalles Bibliográficos
Autor principal: Ipolitov, Valentyn (Autor)
Otros Autores: Hudec, Ladislav (Orientador)
Formato: Manuscrito Libro
Lenguaje:eslovaco
inglés
Publicado: 2021
Materias:
Acceso en línea:http://is.stuba.sk/zp/portal_zp.pl?podrobnosti=143120
Etiquetas: Agregar Etiqueta
Sin Etiquetas, Sea el primero en etiquetar este registro!

MARC

LEADER 00000ntm a22000003a 4500
001 stuzp85419
003 SK-STU
005 20210626212050.0
007 ta
008 150427s2015----xo-----f-mn---000-0-slo-d
040 |a STU  |b slo 
041 0 |a eng 
100 1 |a Ipolitov, Valentyn  |u 070400  |4 aut  |U FIIT Fakulta informatiky a informačných technológií  |T FIIT Ústav počítačového inžinierstva a aplikovanej informatiky  |X 92033  |U I400  |Y 672  |7 92033 
242 0 1 |a Modifikácia kódu procesu  |y slo 
245 1 0 |a Modifikácia kódu procesu 
260 |c 2021 
650 4 |a záplaty  |2 slo 
650 4 |a hot patching  |2 slo 
650 4 |a modifikácia procesu  |2 slo 
650 4 |a injekcia kódu  |2 slo 
650 4 |a live patching  |2 slo 
650 4 |a hot patching  |2 eng 
650 4 |a live patching  |2 eng 
650 4 |a process code injection  |2 eng 
650 4 |a process interaction  |2 eng 
650 4 |a process modification  |2 eng 
700 1 |a Hudec, Ladislav  |u 070400  |k Z1  |4 ths  |U FIIT Fakulta informatiky a informačných technológií  |T FIIT Ústav počítačového inžinierstva a aplikovanej informatiky  |X 2081  |U I400  |Y 672  |7 2081 
856 4 |u http://is.stuba.sk/zp/portal_zp.pl?podrobnosti=143120